Examination Master in Child Health Nursing (Record no. 158947)
[ view plain ]
| 000 -LEADER | |
|---|---|
| fixed length control field | 00390nam a2200145Ia 4500 |
| 008 - FIXED-LENGTH DATA ELEMENTS--GENERAL INFORMATION | |
| fixed length control field | 230519s9999 xx 000 0 und d |
| 020 ## - INTERNATIONAL STANDARD BOOK NUMBER | |
| International Standard Book Number | 978-93-81390-64-1 |
| 041 ## - LANGUAGE CODE | |
| Language code of text/sound track or separate title | eng |
| 082 ## - DEWEY DECIMAL CLASSIFICATION NUMBER | |
| Classification number | 610.7362/KAU/DB0123 |
| 100 ## - MAIN ENTRY--PERSONAL NAME | |
| Personal name | Kaur Gagandeep |
| 245 ## - TITLE STATEMENT | |
| Title | Examination Master in Child Health Nursing |
| 260 ## - PUBLICATION, DISTRIBUTION, ETC. (IMPRINT) | |
| Name of publisher, distributor, etc. | S Vikas and Co |
| Place of publication, distribution, etc. | Jalandhar |
| Date of publication, distribution, etc. | 2012 |
| 300 ## - PHYSICAL DESCRIPTION | |
| Extent | 132p |
| Withdrawn status | Lost status | Damaged status | Not for loan | Home library | Current library | Date acquired | Cost, normal purchase price | Bill number | Total Checkouts | Full call number | Barcode | Date last seen | Date last checked out | Bill Date | Koha item type | Original Barcode | Checked out | Total Renewals |
|---|---|---|---|---|---|---|---|---|---|---|---|---|---|---|---|---|---|---|
| Smt. Bakul Tambat Institute of Nursing Education | Smt. Bakul Tambat Institute of Nursing Education | 11/12/2012 | 175.00 | 34 | 4 | 610.7362 KAU DB0123 | BTIN-DB-123 | 06/01/2024 | 05/01/2024 | 05/12/2012 | Donated Book | DB0123 | ||||||
| Smt. Bakul Tambat Institute of Nursing Education | Smt. Bakul Tambat Institute of Nursing Education | 03/10/2016 | 175.00 | 34 | 2 | 610.7362 KAU DB0489 | BTIN-DB-489 | 19/01/2026 | 19/01/2026 | 05/12/2012 | Donated Book | DB0489 | 20/07/2026 | |||||
| Smt. Bakul Tambat Institute of Nursing Education | Smt. Bakul Tambat Institute of Nursing Education | 25/10/2017 | 175.00 | 34 | 3 | 610.7362 KAU DB0583 | BTIN-DB-583 | 13/06/2025 | 05/06/2025 | 05/12/2012 | Donated Book | DB0583 | 1 |